Bytový dom

Gespeichert in:
Bibliographische Detailangaben
1. Verfasser: Cibuľa, Daniel (Verfasst von)
Weitere Verfasser: Binek, Kamil (Betreuung Doktorarbeit)
Format: Manuskript Buch
Sprache:Slowakisch
Veröffentlicht: 2017
Schlagworte:
Online-Zugang:http://is.stuba.sk/zp/portal_zp.pl?podrobnosti=124291
https://opac.crzp.sk/?fn=detailBiblioForm&sid=82D5162064037F62A79D8DF7A2EE
Tags: Tag hinzufügen
Keine Tags, Fügen Sie das erste Tag hinzu!

MARC

LEADER 00000ntm a22000003a 4500
001 stuzp62915
003 SK-STU
005 20230526132020.8
007 ta
008 150427s2015----xo-----f-mn---000-0-slo-d
040 |a STU  |b slo 
041 0 |a slo 
100 1 |a Cibuľa, Daniel  |u 010180  |4 aut  |U SvF Stavebná fakulta  |T SvF Katedra konštrukcií pozemných stavieb  |X 63246  |U V180  |Y 18  |7 63246 
242 0 1 |a Apartment building  |y eng 
245 1 0 |a Bytový dom 
260 |c 2017 
650 4 |a bytový dom  |2 slo 
650 4 |a záverečná práca  |2 slo 
650 4 |a konštrukcia  |2 slo 
650 4 |a apartment building  |2 eng 
650 4 |a bachelor´s thesis  |2 eng 
650 4 |a contruction  |2 eng 
700 1 |a Binek, Kamil  |u 010180  |k Z3  |4 ths  |U SvF Stavebná fakulta  |T SvF Katedra konštrukcií pozemných stavieb  |X 57720  |U V180  |Y 18  |7 A000057720 
856 4 |u http://is.stuba.sk/zp/portal_zp.pl?podrobnosti=124291 
856 4 |u https://opac.crzp.sk/?fn=detailBiblioForm&sid=82D5162064037F62A79D8DF7A2EE